| 000 | 01136nam a2200265Ia 4500 | ||
|---|---|---|---|
| 005 | 20220317000106.0 | ||
| 008 | 141031s2014 ck a g 000 0 spa | ||
| 020 | _a9789588061757 | ||
| 245 | 0 | 0 |
_aAntología de poesía colombiana para jóvenes _cselección y prólogo de Beatriz Helena Robledo ; ilustrado por Julián de Narváez |
| 250 |
_a1a. edición _b17a. reimpresión |
||
| 300 |
_a111 páginas _bilustraciones _c20 cm |
||
| 505 | _aDel amor y otros amores -- Arte poética -- Sobre el sentido de la vida -- Naturaleza, claridad y misterio -- De la vida cotidiana | ||
| 650 | 1 | 4 |
_2LEMB _aPoesía juvenil colombiana _xColecciones _ySiglo XIX |
| 650 | 1 | 4 |
_2LEMB _aLiteratura juvenil colombiana _ySiglo XIX |
| 650 | 1 | 4 |
_2LEMB _aSentimientos en la literatura |
| 700 | 1 | 0 |
_aRobledo, Beatriz Helena _d1958- _ecompilador _969428 |
| 700 | 1 | 0 |
_aNarváez, Julián de _eilustrador _969429 |
| 942 |
_2loc _cBK |
||
| 264 |
_aBogotá _bAlfaguara _c2014 |
||
| 336 |
_atexto _btxt _2rdacontent |
||
| 337 |
_asin mediación _bn _2rdamedia |
||
| 338 |
_avolumen _bnc _2rdacarrier |
||
| 040 |
_aCO-BoRNBP _bspa _erda _cCO-BoRNBP |
||
| 084 | _aP ANT10 | ||
| 999 |
_c3093 _d3093 |
||